Economic aspects of the LTPD single sampling inspection plans

LTPD (Lot Tolerance Percent Defective) - tolerované množstvo nepoužiteľných vzorových kontrolovaných plánov. Porovnanie s plánmi Dodge-Rominga z ekonomického hľadiska.

Guardado en:
Detalles Bibliográficos
Autor principal: Klůfa, Jindřich
Formato: Capítulo de libro
Lenguaje:inglés
Materias:
Etiquetas: Agregar Etiqueta
Sin Etiquetas, Sea el primero en etiquetar este registro!

MARC

LEADER 00000naa a2200000 4500
001 0206612
005 20231211072006.4
041 0 |a eng 
044 |a CZ 
245 1 0 |a Economic aspects of the LTPD single sampling inspection plans  |c Jindřich Klůfa 
520 |a LTPD (Lot Tolerance Percent Defective) - tolerované množstvo nepoužiteľných vzorových kontrolovaných plánov. Porovnanie s plánmi Dodge-Rominga z ekonomického hľadiska. 
610 2 0 |a akceptácia 
610 2 0 |a vzory 
610 2 0 |a metóda efektívnosti komparatívnej 
610 2 0 |a kontrola 
100 1 |a Klůfa, Jindřich